Canzoni di Caparezza da un indizio - Statistics

General Stats
  • This quiz has been taken 28 times
  • The average score is 12 of 26
Answer Stats
Hint Answer % Correct
Qualcosa che Caparezza trova molto interessante La mia parte intollerante
81%
Canzone su un tizio a cui piacevano i girasoli Mica Van Gogh
81%
Canzone un po' troppo da radio Ti fa stare bene
70%
Dicono gli artisti sono comunisti, i comunisti ce li avete in testa come me Avrai ragione tu
67%
Non c'è gusto se non irrita La legge dell'ortica
67%
Caparezza non mi piace... Troppo Politico
67%
Inferno dantesco Argenti Vive
63%
Parte del corpo di un famoso astronomo Il dito medio di Galileo
52%
C'è chi crede nel '68 La rivoluzione del sessintutto
52%
Enciclopedia di Caparezza Canthology
48%
Canzone all'entrata, ... , Canzone all'uscita Canzone a Metà
48%
So come ammalarsene Larsen
48%
Alice nel paese delle meraviglie Il mondo dopo Lewis Carroll
44%
Calendario maya 2012 La fine di Gaia
44%
Tre studenti con un martello pneumatico Teste di Modì
44%
Canzone di Pamplona Dalla parte del toro
41%
Il ponte sullo stretto di Messina La Grande Opera
41%
Ora di storia Pimpami la storia
41%
Città radioattiva Come Pripyat
37%
In ogni caso, una corrente artistica Comunque Dada
37%
Un film di Kubrik Eyes Wide Shut
37%
Citazione a Verga Ninna Nanna di Mazzarò
30%
E Caparezza Azzera Pace
22%
420 Legalize the premier
19%
La televisione moderna The Auditels family
15%
Leopardi di plastica L'infinto
11%
No matching quizzes found
Score Distribution
Percent of People with Each Score
Percentile by Number Answered
Your Score History
You have not taken this quiz